00456nam a22001457a 4500003000400000020001800004082001800022100001900040245004600059260003400105300000800139942001200147952013400159999001700293SGT a9788887400204 a615.190bLAM  aLAMBERT HOLLY  aCOMPUTER AIDED DRUG DISCOVERY AND DESIGN  aUSA bAMERICAN MED PUB c2022 a229 2ddccBK 00102ddc40718FSaSSSLbSSSLcREFd2026-03-26eABC iSGTUl0o615.190 LAM pDP2037r2026-03-26 00:00:00w2026-03-09yBKk22597 c34496d34496